| 000 | 01147nam a2200193Ia 4500 | ||
|---|---|---|---|
| 999 |
_c34611 _d34611 |
||
| 001 | 373 | ||
| 003 | GE_BSU | ||
| 005 | 20221125120647.0 | ||
| 008 | 181216s2005||||ge |||||||||||||| ||geo|| | ||
| 040 | _cGE_BSU | ||
| 041 | _ageo | ||
| 080 | _a159.9(075.8)+37.01(075.8) გ-20 | ||
| 245 |
_aგანათლების ფსიქოლოგია : _bდამხმარე სახ–ლო პედაგოგიური უნივერსიტეტის სტუდენტებისთვის / _cრედ. მ. ჯაფარიძე; სულხან-საბა ორბელიანის სახელობის თბილისის სახელმწიფო პედაგოგიური უნივერსიტეტი. |
||
| 264 |
_aთბილისი _bსულხან–საბა ორბელიანის სახ.თბილისის სახ. პედ. უნ–ტი _c2005. |
||
| 300 |
_a173 გვ.; _b30 სმ. |
||
| 653 | _aგანათლების ფსიქოლოგია | ||
| 653 | _aფსიქოლოგია | ||
| 942 |
_cBK _2udc |
||